Las Disputas comerciales empañan la integración centroamericana

Guardado en:
Bibliografiske detaljer
Format: Texto
Fag:
Tags: Tilføj Tag
Ingen Tags, Vær først til at tagge denne postø!

MARC

LEADER 00000 a a2200000 04500
001 6649
003
040
245 |a Las Disputas comerciales empañan la integración centroamericana  
650 |a INTEGRACION REGIONAL  
650 |a PRACTICAS COMERCIALES RESTRICTIVAS  
650 |a AMERICA CENTRAL  
773 |g volumen 23, número 1040; páginas 12-13  
999 |c 33568  |d 33568